Mario Characters No Vowels - Statistics

General Stats
  • This quiz has been taken 74 times
  • The average score is 14 of 20
Answer Stats
No Vowels Answer % Correct
MR Mario
98%
DNK KNG Donkey Kong
95%
BWSR Bowser
94%
PCH Peach
91%
LG Luigi
88%
DDD KNG Diddy Kong
86%
WR Wario
82%
PRNH PLNT Piranha Plant
80%
WLG Waluigi
80%
B Boo
79%
KP Koopa
74%
TD Toad
71%
GMB Goomba
70%
DS Daisy
68%
HMMR BR Hammer Bro
68%
RSLN Rosalina
65%
KMK Kamek
59%
NBBT Nabbit
48%
SH Yoshi
27%
LM Luma
23%
No matching quizzes found
Score Distribution
Percent of People with Each Score
Percentile by Number Answered
Your Score History
You have not taken this quiz